Börsen A-B-C Wörterbuch des gesamten Bank- und Börsenwesens
Uložené v:
| Médium: | Kniha |
|---|---|
| Jazyk: | German |
| Vydavateľské údaje: |
Berlin
Haude & Spener
1894
|
| Tagy: |
Žiadne tagy, Buďte prvý, kto otaguje tento záznam!
|
MARC
| LEADER | 00000nam a2200000 4500 | ||
|---|---|---|---|
| 001 | 0307484 | ||
| 005 | 20250305113106.8 | ||
| 041 | 0 | |a ger | |
| 044 | |a DE | ||
| 245 | 1 | 0 | |a Börsen A-B-C |b Wörterbuch des gesamten Bank- und Börsenwesens |c Adolf Sandheim |
| 264 | 1 | |a Berlin |b Haude & Spener |c 1894 | |